000 00565nam a2200229Ia 4500
003 OSt
005 20220924143132.0
006 a|||||r|||| 00| 0
007 ta
008 220923b |||||||| |||| 00| 0 ori d
024 _a306852
037 _cTextual
040 _aARTS
_cARTS
_bORI
041 _2ORI
_aORI
082 _aV2y7M69:g, 1591K9
100 _aChaudhary G.
_9214879
245 0 _aGandhi o Utkala
260 _c1969
650 _aHISTORY
942 _hV2y7M69:g, 1591K9
_cTEXL
_2CC
999 _c453310
_d453310